000 00633nam a22002177a 4500
001 5674
003 BD-RjUL
005 20211208234116.0
008 140106s1993 ii ||| |||| 001 0 eng d
020 _a8171004474
035 _a(BD-RjUL)5713
040 _aBD-RjUL
_beng
_cBD-RjUL
041 _aeng
082 0 4 _a333.380954
_bROL
245 _aRole of Agriculture in Economic Development :
_btrends in Indian Economy-1 /
_cEd by Devender Thakur
260 _aNew Delhi :
_bDeep and Deep publications,
_cc1993
300 _avii,478p. ;
_c21cm.
504 _aIncludes Index
650 0 7 _a Economic Development
_917828
942 _2ddc
_cBK
999 _c5674
_d5674